| Tag |
First Indicator |
Second Indicator |
Subfields |
| LEADER |
00000cam a2200000 4500 |
| 001 |
in00000068323 |
| 005 |
20151008051952.0 |
| 008 |
711103s1967 enka b 00000 eng |
| 010 |
|
|
|a 67012320
|
| 035 |
|
|
|a (OCoLC)00168427
|
| 035 |
|
|
|9 AAH0997AM
|
| 040 |
|
|
|a DLC
|c WSU
|d OCL
|d TXA
|d UtOrBLW
|
| 049 |
|
|
|a TXAM
|c [428692]
|
| 050 |
|
0 |
|a HB87
|b .S5
|
| 092 |
|
|
|a 330.1
|b S524y
|
| 100 |
1 |
|
|a Shackle, G. L. S.
|q (George Lennox Sharman),
|d 1903-1992.
|
| 245 |
1 |
4 |
|a The years of high theory :
|b invention and tradition in economic thought 1926-1939 /
|c by G. L. S. Shackle.
|
| 264 |
|
1 |
|a Cambridge :
|b Cambridge U.P.,
|c 1967.
|
| 300 |
|
|
|a 328 pages
|
| 336 |
|
|
|a text
|b txt
|2 rdacontent
|
| 337 |
|
|
|a unmediated
|b n
|2 rdamedia
|
| 338 |
|
|
|a volume
|b nc
|2 rdacarrier
|
| 504 |
|
|
|a Bibliographical footnotes.
|
| 650 |
|
0 |
|a Economics
|x History
|y 20th century.
|
| 999 |
|
|
|a MARS
|
| 999 |
f |
f |
|s 56a3a272-7c86-3d5a-a8f3-ae11bd757a1f
|i db6c261d-d2df-30f2-b8cc-4088ac834269
|t 0
|
| 952 |
f |
f |
|p ric
|a Texas A&M University
|b Rellis Campus
|c Joint Library Facility
|d Remote Storage
|t 0
|e HB87 .S5
|h Library of Congress classification
|i unmediated -- volume
|m A14800692333
|
| 998 |
f |
f |
|a HB87 .S5
|t 0
|l Remote Storage
|